000
00238nam a22001097a 4500
003
OSt
008
250107b |||||||| |||| 00| 0 eng d
041
_a
eng
100
_a
Robert
_9
6821
245
_a
Principles of Diary Chemistry
942
_c
BK
999
_c
18969
_d
18969